| 000 | 00469nam a2200157 a 4500 | ||
|---|---|---|---|
| 001 | 000027558 | ||
| 005 | 20200930030925.0 | ||
| 008 | 110401s1998 dr 000 0 spa d | ||
| 040 |
_aDO-SdBNP _bspa _cBNPHU |
||
| 082 |
_axxx _bH557p |
||
| 100 | 1 |
_aHernández B., Juan _945966 |
|
| 245 | 1 | 0 |
_aPonencias del director general / _cJuan Hernández B. |
| 260 |
_aSanto Domingo : _bDirección General de Impuesto Internos, _c1998. |
||
| 300 |
_a58 p. ; _c20 cm. |
||
| 049 | _aBNPD | ||
| 999 |
_c27050 _d27050 |
||